000 00665nam a2200229Ia 4500
003 OSt
005 20221005050117.0
006 a|||||r|||| 00| 0
007 ta
008 221004b |||||||| |||| 00| 0 ben d
024 _a20374
037 _bGift, 01/07/2015,
_cTextual
040 _aCRL
_cCRL
_bben
041 _2ben
_aben
082 _aO113,3M98,NI, 157P5
100 _aRemarque Erich Maria
_9594285
245 0 _aNight in Lisbon
260 _aKolkata
_bUrpana Book Disti.
_c2005
650 _aENGLISH LITERATURE
942 _hO113,3M98,NI, 157P5
_cTEXL
_2cc
999 _c956307
_d956307